00655nam a2200193 a 45000010005000000030008000050050017000130080039000300350018000690400027000870410008001140820024001222450134001462600037002803000021003175040041003386500048003797000034004277131BD-RjUL20211208234352.014 t1968 enk b 000 0 eng a(BD-RjUL)7173 aDLCcDLCbengdBD-RjUL aeng04216a351.1bSPE 196800aSpecialists and generalists :ba comparative study of the professional civil servant at home and abroad /cedited by F.F. Ridley. aLondon :bAllen & Unwin,cc1968. a213 p. ;c23 cm. aIncludes bibliographical references. 0aCivil servicexAddresses, essays, lectures.1 aRidley, F. F.q(Frederick F.)